-
SIVANANDY, DR. PALANISAMY AND ARUNACHALAM, MRS. SUMATHY
Entry Personal Name
Number of records used in: 1
001 - CONTROL NUMBER
003 - CONTROL NUMBER IDENTIFIER
005 - DATE AND TIME OF LATEST TRANSACTION
- control field:
20251120124700.0
008 - FIXED-LENGTH DATA ELEMENTS
- fixed length control field:
251120|| aca||aabn | a|a d
040 ## - CATALOGING SOURCE
- Original cataloging agency:
JRU
- Transcribing agency:
JRU
100 ## - HEADING--PERSONAL NAME
- Personal name:
SIVANANDY, DR. PALANISAMY AND ARUNACHALAM, MRS. SUMATHY
670 ## - SOURCE DATA FOUND
- Source citation:
Work cat.: (JRU)8924: SIVANANDY, DR. PALANISAMY AND ARUNACHALAM, MRS. SUMATHY , A TEXTBOOK ON ASSESMENT MONITORING , DOCOUMENTATION AND REPORTING OF ADVERSE DRUG REACTIONS, 2025